College Quizbowl Stats
College Quizbowl Stats
Circuits
Seasons
Sets
Records
Detailed Stats
About
Loading...
2024 ACF Regionals @ MIT
Tossups
Bonuses
Players
Teams
Categories (Tossup)
Categories (Bonus)
Alex Jiang
Brown A
Categories
Category
Powers
Gets
Negs
BBs
Points
Earliest Buzz
Avg. Buzz
First Buzzes
Top 3 Buzzes
BPA
PVF
Science - Other
0
1
0
0
10
75
75.00
0
1
0.00
0.00
Science - Physics
0
1
0
0
10
104
104.00
1
1
0.00
0.00
Fine Arts - Painting & Sculpture
0
0
1
0
-5
0.00
0
0
0.00
0.00
Other
0
0
1
0
-5
0.00
0
0
0.00
0.00
Buzzes
Category
Answer
Value
Buzz Position
Science - Other
images
10
75
Other
stargazing
-5
83
Science - Physics
oscillators
10
104
Fine Arts - Painting & Sculpture
Giorgione
-5
105
Previous
1
Next